| 000 | 00623nam a22001337a 4500 | ||
|---|---|---|---|
| 040 | _cRUA | ||
| 082 | _aAGR SEN 2012 B051 Or.1 | ||
| 100 | _aSENG, CHANTHY. | ||
| 245 | _aComparison of effectiveness of chemical and organic fertilizer on phkaromduol rice cultivar ប្រៀបធៀបប្រសិទ្ធភាពជីគីមី និងជីធម្មជាំតិលើពូជស្រូវផ្ការំដួល | ||
| 260 |
_aPhnom Penh _bRUA _c2012 |
||
| 300 |
_aix; 49p. _bill. _c29cm. |
||
| 856 | _uhttps://drive.google.com/file/d/1VnPW9y2rX-iNgTRPXitv_T-EBG1-hllf/view?usp=sharing | ||
| 942 | _cAGR | ||
| 999 |
_c1175 _d1175 |
||